Tilastot visalle Historialliset henkilöt

Klikkaa tästä pelataksesi tätä visaa!

Yleistilastot

  • Tätä visaa on pelattu 57 kertaa
    (51 viimeisimmän päivityksen jälkeen)
  • Keskiarvotulos 4 / 25

Vastaustilastot

Vastaus% Oikein
Abraham Lincoln
95%
Aristoteles
49%
Louis Armstrong
44%
Idi Amin
41%
Katariina Suuri
37%
Marie Curie
29%
Kaarle Suuri
22%
George Armstrong Custer
20%
Florence Nightingale
15%
Jane Austen
15%
Rafael
12%
Rembrandt
12%
Laozi
10%
Fred Astaire
5%
John D. Rockefeller
5%
Josephine Baker
5%
Manuel Noriega
5%
Pocahontas
5%
Zarathustra
5%
Alfredo Stroessner
2%
Hannibal
2%
Jackie Robinson
2%
Johannes Gutenberg
2%
Robert E. Lee
2%
Viktor Emanuel I
2%

Tulosjakauma

Persentiili vastausten määrän mukaan

Jokaisen tuloksen saaneiden osuus

Tuloshistoriasi

Et ole pelannut tätä visaa sen viimeisimmän päivityksen jälkeen